[Event "Open A"]
[Site "Polanica-Zdroj"]
[Date "2017.08.19"]
[Round "9.4"]
[White "Zielinski, Wojciech"]
[Black "Cyborowski, Lukasz"]
[Result "0-1"]
[BlackElo "2532"]
[WhiteElo "2105"]
[LiveChessVersion "1.4.8"]

1. Nf3 {[%clk 1:30:58]} g6 {[%clk 1:28:47]} 2. c4 {[%clk 1:30:08]} Bg7
{[%clk 1:28:04]} 3. Nc3 {[%clk 1:30:09]} Nf6 {[%clk 1:27:15]} 4. e4
{[%clk 1:25:20]} d6 {[%clk 1:27:17]} 5. Be2 {[%clk 1:25:07]} O-O {[%clk 1:27:34]}
6. O-O {[%clk 1:25:33]} e5 {[%clk 1:25:50]} 7. d4 {[%clk 1:23:02]} Nc6
{[%clk 1:26:16]} 8. dxe5 {[%clk 1:22:28]} Nxe5 {[%clk 1:20:53]} 9. Nxe5
{[%clk 1:22:33]} dxe5 {[%clk 1:21:17]} 10. Qxd8 {[%clk 1:17:57]} Rxd8
{[%clk 1:21:37]} 11. Bg5 {[%clk 1:18:24]} c6 {[%clk 1:17:47]} 12. Rad1
{[%clk 1:13:28]} Rxd1 {[%clk 1:16:21]} 13. Rxd1 {[%clk 1:13:47]} Be6
{[%clk 1:16:45]} 14. h3 {[%clk 1:09:29]} Kf8 {[%clk 1:15:19]} 15. b3
{[%clk 1:06:32]} Ke8 {[%clk 1:13:17]} 16. Kf1 {[%clk 1:03:05]} h6
{[%clk 1:12:48]} 17. Bxf6 {[%clk 0:59:49]} Bxf6 {[%clk 1:13:14]} 18. Bg4
{[%clk 1:00:01]} Ke7 {[%clk 1:13:42]} 19. Na4 {[%clk 0:58:20]} b6
{[%clk 0:58:00]} 20. Ke2 {[%clk 0:49:39]} h5 {[%clk 0:57:03]} 21. Bxe6
{[%clk 0:50:00]} Kxe6 {[%clk 0:57:26]} 22. f3 {[%clk 0:46:15]} Be7
{[%clk 0:57:26]} 23. Rd3 {[%clk 0:45:27]} h4 {[%clk 0:56:49]} 24. Rd1
{[%clk 0:40:55]} Ba3 {[%clk 0:55:05]} 25. Kd3 {[%clk 0:33:03]} f5
{[%clk 0:53:13]} 26. Ke2 {[%clk 0:24:47]} Rf8 {[%clk 0:51:25]} 27. Rf1
{[%clk 0:24:22]} Rf7 {[%clk 0:47:56]} 28. exf5+ {[%clk 0:21:10]} gxf5
{[%clk 0:45:56]} 29. Rd1 {[%clk 0:21:24]} Rf8 {[%clk 0:44:10]} 30. c5
{[%clk 0:17:12]} b5 {[%clk 0:41:33]} 31. Rd6+ {[%clk 0:16:48]} Ke7
{[%clk 0:39:51]} 32. Nc3 {[%clk 0:16:47]} Rf6 {[%clk 0:40:12]} 33. Rxf6
{[%clk 0:12:47]} Kxf6 {[%clk 0:40:16]} 34. Kd3 {[%clk 0:11:15]} Bxc5
{[%clk 0:40:38]} 35. Ne2 {[%clk 0:11:39]} Bf2 {[%clk 0:40:50]} 36. a4
{[%clk 0:10:42]} Ke6 {[%clk 0:39:20]} 37. Nc3 {[%clk 0:09:39]} a6
{[%clk 0:37:53]} 38. Nd1 {[%clk 0:07:56]} Bd4 {[%clk 0:36:48]} 39. f4
{[%clk 0:08:08]} c5 {[%clk 0:36:56]} 40. Kxd4 0-1

[Event "Open A"]
[Site "Polanica-Zdroj"]
[Date "2017.08.19"]
[Round "9.5"]
[White "Bugalski, Michal"]
[Black "Zaleski, Lukasz"]
[Result "1/2-1/2"]
[BlackElo "2267"]
[WhiteElo "2250"]
[LiveChessVersion "1.4.8"]

1. e4 {[%clk 1:30:57]} e6 {[%clk 1:30:47]} 2. d4 {[%clk 1:31:18]} d5
{[%clk 1:31:08]} 3. Nd2 {[%clk 1:31:43]} c5 {[%clk 1:31:27]} 4. exd5
{[%clk 1:30:09]} Qxd5 {[%clk 1:31:47]} 5. Ngf3 {[%clk 1:27:59]} cxd4
{[%clk 1:32:03]} 6. Bc4 {[%clk 1:28:21]} Qd6 {[%clk 1:32:12]} 7. O-O
{[%clk 1:28:41]} Nf6 {[%clk 1:32:24]} 8. Nb3 {[%clk 1:28:51]} Nc6
{[%clk 1:32:39]} 9. Nbxd4 {[%clk 1:25:42]} Nxd4 {[%clk 1:33:02]} 10. Nxd4
{[%clk 1:17:48]} a6 {[%clk 1:30:48]} 11. Re1 {[%clk 1:18:12]} Qc7
{[%clk 1:29:20]} 12. Bd3 {[%clk 1:09:57]} Bd7 {[%clk 1:19:44]} 13. Qf3
{[%clk 0:59:51]} O-O-O {[%clk 1:14:31]} 14. Bf4 {[%clk 0:50:02]} Bd6
{[%clk 1:14:18]} 15. Bxd6 {[%clk 0:49:14]} Qxd6 {[%clk 1:14:42]} 16. c3
{[%clk 0:49:15]} Qc7 {[%clk 1:11:43]} 17. b4 {[%clk 0:39:25]} Kb8
{[%clk 1:06:32]} 18. b5 {[%clk 0:33:38]} axb5 {[%clk 1:05:05]} 19. Nxb5
{[%clk 0:28:02]} Bxb5 {[%clk 1:04:52]} 20. Bxb5 {[%clk 0:28:30]} Rd6
{[%clk 0:57:31]} 21. Rab1 {[%clk 0:24:37]} Rhd8 {[%clk 0:54:58]} 22. Bf1
{[%clk 0:24:06]} Qc6 {[%clk 0:50:05]} 23. Qg3 {[%clk 0:19:51]} g6
{[%clk 0:48:31]} 24. Qe5 {[%clk 0:18:30]} Ne8 {[%clk 0:45:42]} 25. g3
{[%clk 0:16:19]} Qd5 {[%clk 0:41:11]} 26. Qf4 {[%clk 0:15:01]} Qf5
{[%clk 0:38:55]} 27. Qb4 {[%clk 0:13:53]} R6d7 {[%clk 0:38:48]} 28. Bg2
{[%clk 0:13:07]} Nd6 {[%clk 0:35:38]} 29. Red1 {[%clk 0:07:05]} Qe5
{[%clk 0:35:44]} 30. c4 {[%clk 0:05:52]} Rc7 {[%clk 0:33:40]} 31. a4
{[%clk 0:04:31]} Qc5 {[%clk 0:32:00]} 32. a5 {[%clk 0:04:15]} Qxb4
{[%clk 0:29:19]} 33. Rxb4 {[%clk 0:04:43]} Kc8 {[%clk 0:28:59]} 34. Rb6
{[%clk 0:03:20]} Rcd7 {[%clk 0:28:11]} 35. a6 {[%clk 0:02:11]} bxa6
{[%clk 0:26:20]} 36. Rc6+ {[%clk 0:01:31]} Kb8 {[%clk 0:26:36]} 37. Rxa6
{[%clk 0:01:24]} Nxc4 {[%clk 0:24:00]} 38. Rb1+ {[%clk 0:01:41]} Kc8
{[%clk 0:24:26]} 39. Ra8+ {[%clk 0:00:36]} Kc7 {[%clk 0:24:51]} 40. Rb7+
{[%clk 0:30:51]} Kd6 {[%clk 0:55:16]} 41. Rxd8 {[%clk 0:29:15]} Rxd8
{[%clk 0:55:38]} 42. Rxf7 {[%clk 0:29:38]} Rd7 {[%clk 0:53:05]} 43. Rf4
{[%clk 0:28:54]} Ne5 {[%clk 0:52:23]} 44. Ra4 {[%clk 0:27:36]} Ke7
{[%clk 0:52:21]} 45. Be4 {[%clk 0:27:56]} Nf7 {[%clk 0:51:40]} 46. Kg2
{[%clk 0:27:28]} Kf6 {[%clk 0:51:13]} 47. h4 {[%clk 0:27:36]} h6 {[%clk 0:50:13]}
48. Ra8 {[%clk 0:27:06]} Rd8 {[%clk 0:47:53]} 49. Ra7 {[%clk 0:27:24]} Rd4
{[%clk 0:47:17]} 50. Bb1 {[%clk 0:27:00]} Rd2 {[%clk 0:47:10]} 51. Be4
{[%clk 0:22:44]} Ke5 1/2-1/2

[Event "Open A"]
[Site "Polanica-Zdroj"]
[Date "2017.08.19"]
[Round "9.6"]
[White "Korbal, Arkadiusz"]
[Black "Kukula, Pawel"]
[Result "1-0"]
[BlackElo "2224"]
[WhiteElo "2159"]
[LiveChessVersion "1.4.8"]

1. d4 {[%clk 1:30:56]} f5 {[%clk 1:30:54]} 2. c4 {[%clk 1:31:02]} Nf6
{[%clk 1:31:15]} 3. Nf3 {[%clk 1:30:24]} e6 {[%clk 1:31:37]} 4. g3
{[%clk 1:30:40]} Be7 {[%clk 1:31:42]} 5. Bg2 {[%clk 1:31:03]} O-O
{[%clk 1:31:57]} 6. O-O {[%clk 1:31:28]} d6 {[%clk 1:32:21]} 7. Nc3
{[%clk 1:30:54]} Ne4 {[%clk 1:31:03]} 8. Qc2 {[%clk 1:28:16]} Nxc3
{[%clk 1:31:20]} 9. bxc3 {[%clk 1:25:51]} Nc6 {[%clk 1:31:33]} 10. e4
{[%clk 1:25:15]} e5 {[%clk 1:31:46]} 11. c5 {[%clk 1:15:45]} f4 {[%clk 1:23:07]}
12. Bb2 {[%clk 1:10:13]} Qe8 {[%clk 1:22:39]} 13. cxd6 {[%clk 1:09:14]} cxd6
{[%clk 1:23:03]} 14. dxe5 {[%clk 1:04:10]} dxe5 {[%clk 1:23:22]} 15. c4
{[%clk 1:04:17]} Qh5 {[%clk 1:21:49]} 16. Qc3 {[%clk 0:59:40]} Bc5
{[%clk 1:14:20]} 17. Rad1 {[%clk 0:49:23]} fxg3 {[%clk 1:13:02]} 18. hxg3
{[%clk 0:49:25]} Bg4 {[%clk 1:10:48]} 19. Nxe5 {[%clk 0:44:27]} Nxe5
{[%clk 1:10:59]} 20. Rd5 {[%clk 0:44:00]} Rxf2 {[%clk 0:59:51]} 21. Rxf2
{[%clk 0:42:08]} Bxf2+ {[%clk 1:00:12]} 22. Kxf2 {[%clk 0:41:56]} Qf7+
{[%clk 0:58:56]} 23. Kg1 {[%clk 0:40:54]} Ng6 {[%clk 0:59:08]} 24. Rd2
{[%clk 0:36:59]} Be6 {[%clk 0:57:29]} 25. a4 {[%clk 0:33:34]} Rf8
{[%clk 0:52:43]} 26. Qe3 {[%clk 0:28:46]} a6 {[%clk 0:49:11]} 27. c5
{[%clk 0:28:34]} h6 {[%clk 0:44:43]} 28. Rd6 {[%clk 0:27:58]} Re8
{[%clk 0:37:52]} 29. Qd4 {[%clk 0:24:28]} Re7 {[%clk 0:35:42]} 30. a5
{[%clk 0:20:16]} Kh7 {[%clk 0:33:19]} 31. c6 {[%clk 0:16:32]} bxc6
{[%clk 0:33:24]} 32. Rxc6 {[%clk 0:17:00]} Rd7 {[%clk 0:32:29]} 33. Rd6
{[%clk 0:14:11]} Rxd6 {[%clk 0:21:16]} 34. Qxd6 {[%clk 0:12:37]} Bc4
{[%clk 0:21:34]} 35. e5 {[%clk 0:11:32]} Qf5 {[%clk 0:21:25]} 36. Qd4
{[%clk 0:11:11]} Qb1+ {[%clk 0:16:26]} 37. Kh2 {[%clk 0:11:35]} Be6
{[%clk 0:16:52]} 38. Be4 {[%clk 0:09:11]} Qf1 {[%clk 0:16:50]} 39. Bg2
{[%clk 0:05:20]} Qe2 {[%clk 0:16:25]} 40. Bc3 {[%clk 0:35:24]} Qh5+
{[%clk 0:45:53]} 41. Kg1 {[%clk 0:35:46]} Qg5 {[%clk 0:44:58]} 42. Kf2
{[%clk 0:34:59]} Qf5+ {[%clk 0:41:50]} 43. Bf3 {[%clk 0:32:00]} Qc2+
{[%clk 0:42:09]} 44. Bd2 {[%clk 0:31:20]} Qf5 {[%clk 0:41:17]} 45. Bc3
{[%clk 0:31:12]} Qc2+ {[%clk 0:41:41]} 46. Be2 {[%clk 0:31:09]} Qf5+
{[%clk 0:35:41]} 47. Kg1 {[%clk 0:30:16]} Qh3 {[%clk 0:32:55]} 48. Qe3
{[%clk 0:25:54]} Bd5 {[%clk 0:33:06]} 49. Kf2 {[%clk 0:25:56]} Qf5+
{[%clk 0:30:39]} 50. Kg1 {[%clk 0:23:47]} Qb1+ {[%clk 0:27:50]} 51. Kf2
{[%clk 0:24:11]} Qf5+ {[%clk 0:28:16]} 52. Ke1 {[%clk 0:24:37]} Qb1+
{[%clk 0:28:27]} 53. Kd2 {[%clk 0:23:54]} Qa2+ {[%clk 0:28:00]} 54. Kc1
{[%clk 0:22:39]} Qa3+ {[%clk 0:27:36]} 55. Kc2 {[%clk 0:22:01]} Qa4+
{[%clk 0:25:51]} 56. Kd2 {[%clk 0:21:50]} Qa2+ {[%clk 0:26:04]} 57. Kd1
{[%clk 0:21:29]} Qb1+ {[%clk 0:22:20]} 58. Qc1 {[%clk 0:20:35]} Qb3+
{[%clk 0:22:28]} 59. Qc2 {[%clk 0:20:20]} Qb7 {[%clk 0:22:53]} 60. Ke1
{[%clk 0:19:30]} Be4 {[%clk 0:18:50]} 61. Qb2 {[%clk 0:19:51]} Qc8
{[%clk 0:18:08]} 62. Qb4 {[%clk 0:19:51]} Bf5 {[%clk 0:17:36]} 63. Qc4
{[%clk 0:19:54]} Qb8 {[%clk 0:17:53]} 64. Qxa6 {[%clk 0:18:15]} Qb1+
{[%clk 0:16:42]} 65. Kf2 {[%clk 0:18:32]} Qc2 {[%clk 0:14:41]} 66. Qc4
{[%clk 0:16:58]} h5 {[%clk 0:14:38]} 67. Bd4 {[%clk 0:15:20]} Qe4
{[%clk 0:14:46]} 68. Bb2 {[%clk 0:14:59]} Qh1 {[%clk 0:14:51]} 69. Qc3
{[%clk 0:15:07]} Qh2+ {[%clk 0:13:32]} 70. Ke1 {[%clk 0:15:28]} Be6
{[%clk 0:13:08]} 71. Qd3 {[%clk 0:14:55]} h4 {[%clk 0:11:13]} 72. gxh4
{[%clk 0:14:26]} Qxh4+ {[%clk 0:11:38]} 73. Kd2 {[%clk 0:14:36]} Qf4+
{[%clk 0:11:41]} 74. Qe3 {[%clk 0:14:21]} Qb4+ {[%clk 0:12:06]} 75. Bc3
{[%clk 0:14:40]} Qa4 {[%clk 0:11:48]} 76. Bd3 {[%clk 0:14:44]} Qa2+
{[%clk 0:11:40]} 77. Ke1 {[%clk 0:14:22]} Qg2 {[%clk 0:11:12]} 78. Qe4
{[%clk 0:13:06]} Qg3+ {[%clk 0:10:59]} 79. Kd2 {[%clk 0:13:22]} Qg5+
{[%clk 0:11:23]} 80. Kc2 {[%clk 0:13:40]} Bf7 {[%clk 0:11:29]} 81. e6
{[%clk 0:13:25]} Be8 {[%clk 0:11:53]} 82. a6 {[%clk 0:13:12]} Qg1
{[%clk 0:07:56]} 83. Qd4 {[%clk 0:11:25]} Qh2+ {[%clk 0:08:01]} 84. Kb3
{[%clk 0:11:13]} Qb8+ {[%clk 0:07:57]} 85. Ka3 {[%clk 0:11:22]} Qc7
{[%clk 0:08:12]} 86. a7 {[%clk 0:09:39]} Bc6 {[%clk 0:08:09]} 87. Qh4+
{[%clk 0:07:13]} Kg8 {[%clk 0:08:33]} 88. Bxg6 {[%clk 0:07:38]} Qxa7+
{[%clk 0:09:01]} 89. Kb2 {[%clk 0:07:53]} Qb8+ {[%clk 0:07:06]} 90. Kc1
{[%clk 0:08:13]} 1-0

[Event "Open A"]
[Site "Polanica-Zdroj"]
[Date "2017.08.19"]
[Round "9.7"]
[White "Klepek, Witold"]
[Black "Kyc, Jerzy"]
[Result "0-1"]
[BlackElo "2251"]
[WhiteElo "2104"]
[LiveChessVersion "1.4.8"]

1. e4 {[%clk 1:30:58]} c5 {[%clk 1:30:57]} 2. Nf3 {[%clk 1:31:21]} d6
{[%clk 1:31:25]} 3. d4 {[%clk 1:31:45]} cxd4 {[%clk 1:31:54]} 4. Nxd4
{[%clk 1:32:09]} Nf6 {[%clk 1:32:22]} 5. Nc3 {[%clk 1:32:33]} a6 {[%clk 1:32:51]}
6. a3 {[%clk 1:32:56]} e5 {[%clk 1:32:25]} 7. Nf5 {[%clk 1:33:20]} d5
{[%clk 1:27:04]} 8. Bg5 {[%clk 1:33:44]} d4 {[%clk 1:25:48]} 9. Bxf6
{[%clk 1:34:08]} Qxf6 {[%clk 1:24:45]} 10. Nd5 {[%clk 1:34:31]} Qc6
{[%clk 1:23:51]} 11. c4 {[%clk 1:09:11]} Nd7 {[%clk 1:11:30]} 12. b4
{[%clk 1:05:07]} g6 {[%clk 1:01:33]} 13. Ng3 {[%clk 1:03:16]} Bg7
{[%clk 0:58:53]} 14. Bd3 {[%clk 0:56:54]} b6 {[%clk 0:53:42]} 15. O-O
{[%clk 0:55:16]} Qd6 {[%clk 0:49:32]} 16. Qb3 {[%clk 0:49:21]} O-O
{[%clk 0:48:55]} 17. Rfc1 {[%clk 0:49:38]} a5 {[%clk 0:38:05]} 18. Nf1
{[%clk 0:32:50]} Bh6 {[%clk 0:36:46]} 19. Rcb1 {[%clk 0:32:35]} Bb7
{[%clk 0:20:40]} 20. Be2 {[%clk 0:29:23]} Kg7 {[%clk 0:19:34]} 21. Ng3
{[%clk 0:24:32]} Bxd5 {[%clk 0:19:04]} 22. cxd5 {[%clk 0:24:25]} Rfc8
{[%clk 0:18:18]} 23. Bb5 {[%clk 0:24:28]} Rc3 {[%clk 0:17:08]} 24. Qa4
{[%clk 0:24:20]} Nf6 {[%clk 0:15:24]} 25. Bc6 {[%clk 0:23:29]} Ra7
{[%clk 0:15:24]} 26. Qb5 {[%clk 0:22:03]} axb4 {[%clk 0:15:14]} 27. axb4
{[%clk 0:22:03]} Rxa1 {[%clk 0:15:32]} 28. Rxa1 {[%clk 0:22:26]} Rb3
{[%clk 0:15:39]} 29. Qxb6 {[%clk 0:21:59]} Rxb4 {[%clk 0:15:58]} 30. Qa6
{[%clk 0:22:05]} Bf4 {[%clk 0:15:48]} 31. Qd3 {[%clk 0:20:52]} Bxg3
{[%clk 0:14:33]} 32. hxg3 {[%clk 0:20:57]} Qc5 {[%clk 0:14:45]} 33. Rd1
{[%clk 0:17:13]} Qb6 {[%clk 0:09:55]} 34. Qf3 {[%clk 0:13:52]} Rb3
{[%clk 0:09:45]} 35. Qe2 {[%clk 0:13:35]} Rb2 {[%clk 0:08:43]} 36. Qf3
{[%clk 0:13:24]} h5 {[%clk 0:06:02]} 37. Ba4 {[%clk 0:11:58]} Qb4
{[%clk 0:05:53]} 38. Ra1 {[%clk 0:11:55]} Ng4 {[%clk 0:04:35]} 0-1

[Event "Open A"]
[Site "Polanica-Zdroj"]
[Date "2017.08.19"]
[Round "9.8"]
[White "Kowalczyk, Rafal"]
[Black "Luba, Lukasz"]
[Result "1-0"]
[BlackElo "2097"]
[WhiteElo "2222"]
[LiveChessVersion "1.4.8"]

1. e4 {[%clk 1:30:55]} e5 {[%clk 1:30:48]} 2. f4 {[%clk 1:27:33]} exf4
{[%clk 1:28:07]} 3. Bc4 {[%clk 1:27:45]} Qh4+ {[%clk 1:18:27]} 4. Kf1
{[%clk 1:27:45]} g5 {[%clk 1:18:21]} 5. d4 {[%clk 1:24:57]} Bg7 {[%clk 1:18:22]}
6. Nc3 {[%clk 1:24:37]} c6 {[%clk 1:18:42]} 7. e5 {[%clk 1:21:46]} Ne7
{[%clk 1:17:16]} 8. Ne4 {[%clk 1:21:10]} d5 {[%clk 1:12:44]} 9. exd6
{[%clk 1:19:18]} Nf5 {[%clk 1:06:41]} 10. Nf3 {[%clk 1:17:30]} Qh5
{[%clk 1:06:07]} 11. Nexg5 {[%clk 1:15:58]} O-O {[%clk 1:01:13]} 12. Bxf4
{[%clk 1:15:54]} h6 {[%clk 1:00:40]} 13. Ne4 {[%clk 1:09:22]} b5 {[%clk 0:52:06]}
14. Bb3 {[%clk 1:08:04]} Nh4 {[%clk 0:45:32]} 15. Nxh4 {[%clk 0:48:56]} Qxh4
{[%clk 0:45:11]} 16. Qf3 {[%clk 0:48:58]} Bxd4 {[%clk 0:35:18]} 17. h3
{[%clk 0:22:49]} Bf5 {[%clk 0:30:37]} 18. Re1 {[%clk 0:14:42]} Bg7
{[%clk 0:08:38]} 19. Bg3 {[%clk 0:13:41]} Bxe4 {[%clk 0:09:05]} 20. Rxe4
{[%clk 0:13:55]} Qg5 {[%clk 0:09:20]} 21. Rg4 {[%clk 0:04:14]} Qc1+
{[%clk 0:08:56]} 22. Ke2 {[%clk 0:04:39]} Qxb2 {[%clk 0:09:08]} 23. Rb1
{[%clk 0:05:01]} Qxb1 {[%clk 0:07:56]} 24. Qf6 {[%clk 0:04:34]} Re8+
{[%clk 0:07:43]} 25. Kd2 {[%clk 0:04:59]} 1-0

[Event "Open A"]
[Site "Polanica-Zdroj"]
[Date "2017.08.19"]
[Round "9.9"]
[White "Garbowski, Jakub"]
[Black "Rogacewicz, Mikolaj"]
[Result "1/2-1/2"]
[BlackElo "1793"]
[WhiteElo "2185"]
[LiveChessVersion "1.4.8"]

1. Nf3 {[%clk 1:26:13]} Nf6 {[%clk 1:30:00]} 2. g3 {[%clk 1:26:30]} g6
{[%clk 1:29:29]} 3. Bg2 {[%clk 1:26:32]} Bg7 {[%clk 1:29:30]} 4. O-O
{[%clk 1:26:31]} O-O {[%clk 1:29:12]} 5. c4 {[%clk 1:26:16]} c5 {[%clk 1:29:01]}
6. Nc3 {[%clk 1:21:59]} Nc6 {[%clk 1:28:35]} 7. d4 {[%clk 1:18:09]} cxd4
{[%clk 1:21:58]} 8. Nxd4 {[%clk 1:17:04]} Nxd4 {[%clk 1:15:07]} 9. Qxd4
{[%clk 1:17:18]} d6 {[%clk 1:14:19]} 10. Qd2 {[%clk 1:12:43]} Rb8
{[%clk 1:13:04]} 11. b3 {[%clk 1:02:51]} b6 {[%clk 1:09:25]} 12. Bb2
{[%clk 0:59:40]} Bb7 {[%clk 1:09:15]} 13. e4 {[%clk 0:56:13]} Nd7
{[%clk 1:06:49]} 14. Rac1 {[%clk 0:47:02]} f5 {[%clk 1:05:17]} 15. f4
{[%clk 0:43:30]} Nc5 {[%clk 1:01:47]} 16. exf5 {[%clk 0:39:41]} Bxg2
{[%clk 1:00:12]} 17. Kxg2 {[%clk 0:39:50]} Rxf5 {[%clk 0:58:18]} 18. b4
{[%clk 0:39:02]} Nd7 {[%clk 0:56:49]} 19. Nb5 {[%clk 0:35:44]} Bxb2
{[%clk 0:54:09]} 20. Qxb2 {[%clk 0:34:59]} Qc8 {[%clk 0:54:15]} 21. Rfe1
{[%clk 0:34:14]} Qb7+ {[%clk 0:48:19]} 22. Kg1 {[%clk 0:34:28]} Nf8
{[%clk 0:46:55]} 23. Qe2 {[%clk 0:33:44]} Rf7 {[%clk 0:45:53]} 24. Nc3
{[%clk 0:32:10]} h6 {[%clk 0:40:27]} 25. Ne4 {[%clk 0:27:35]} Rc8
{[%clk 0:37:24]} 26. Qd3 {[%clk 0:26:18]} Kh7 {[%clk 0:32:58]} 27. Qd5
{[%clk 0:25:17]} Qxd5 {[%clk 0:32:08]} 28. cxd5 {[%clk 0:25:46]} Ra8
{[%clk 0:23:35]} 29. Rc7 {[%clk 0:25:08]} Kg7 {[%clk 0:23:05]} 30. Nf2
{[%clk 0:24:20]} e6 {[%clk 0:22:07]} 31. Rc6 {[%clk 0:23:43]} exd5
{[%clk 0:22:05]} 32. Rxd6 {[%clk 0:23:58]} Rc8 {[%clk 0:19:49]} 33. Ng4
{[%clk 0:22:19]} Rc2 {[%clk 0:18:57]} 34. Re8 {[%clk 0:21:46]} Rxa2
{[%clk 0:17:32]} 35. Rdd8 {[%clk 0:20:34]} Rc7 {[%clk 0:17:19]} 1/2-1/2

[Event "Open A"]
[Site "Polanica-Zdroj"]
[Date "2017.08.19"]
[Round "9.10"]
[White "Wisniewski, Michal"]
[Black "Mazalon, Mariusz"]
[Result "1/2-1/2"]
[BlackElo "2000"]
[WhiteElo "2180"]
[LiveChessVersion "1.4.8"]

1. c3 {[%clk 1:27:36]} Nf6 {[%clk 1:28:25]} 2. c4 {[%clk 1:26:41]} g6
{[%clk 1:26:36]} 3. Nf3 {[%clk 1:24:04]} Bg7 {[%clk 1:26:18]} 4. g3
{[%clk 1:22:51]} d6 {[%clk 1:20:49]} 5. Bg2 {[%clk 1:20:15]} Nc6 {[%clk 1:16:38]}
6. O-O {[%clk 1:20:28]} O-O {[%clk 1:17:00]} 7. Nc3 {[%clk 1:20:46]} e5
{[%clk 1:16:58]} 8. d3 {[%clk 1:21:11]} h6 {[%clk 1:17:22]} 9. Rb1
{[%clk 1:21:38]} a5 {[%clk 1:17:21]} 10. a3 {[%clk 1:22:03]} Be6 {[%clk 0:59:24]}
11. Nd2 {[%clk 1:17:56]} Qd7 {[%clk 0:54:41]} 12. Nd5 {[%clk 1:09:26]} Bxd5
{[%clk 0:43:07]} 13. cxd5 {[%clk 1:09:27]} Ne7 {[%clk 0:43:33]} 14. e4
{[%clk 0:55:50]} c6 {[%clk 0:42:12]} 15. Nc4 {[%clk 0:54:41]} Qc7
{[%clk 0:42:11]} 16. dxc6 {[%clk 0:55:04]} bxc6 {[%clk 0:42:27]} 17. d4
{[%clk 0:53:46]} exd4 {[%clk 0:36:14]} 18. Qxd4 {[%clk 0:53:06]} d5
{[%clk 0:35:24]} 19. Bf4 {[%clk 0:48:40]} Qd8 {[%clk 0:34:57]} 20. exd5
{[%clk 0:43:39]} cxd5 {[%clk 0:29:44]} 21. Ne3 {[%clk 0:29:44]} Nh5
{[%clk 0:24:15]} 22. Qc5 {[%clk 0:24:32]} Nxf4 {[%clk 0:23:48]} 23. gxf4
{[%clk 0:24:55]} Rc8 {[%clk 0:22:54]} 24. Qb5 {[%clk 0:23:03]} Rb8
{[%clk 0:21:20]} 25. Qe2 {[%clk 0:23:18]} Qd6 {[%clk 0:13:11]} 26. Rfd1
{[%clk 0:20:43]} Qxf4 {[%clk 0:10:06]} 27. Nxd5 {[%clk 0:21:07]} Nxd5
{[%clk 0:10:08]} 28. Rxd5 {[%clk 0:21:35]} a4 {[%clk 0:07:55]} 29. Qe4
{[%clk 0:20:38]} Qxe4 {[%clk 0:07:41]} 30. Bxe4 {[%clk 0:21:06]} Rxb2
{[%clk 0:07:07]} 31. Rxb2 {[%clk 0:21:27]} 1/2-1/2

[Event "Open A"]
[Site "Polanica-Zdroj"]
[Date "2017.08.19"]
[Round "9.11"]
[White "Bielinski, Dariusz"]
[Black "Fus, Jakub"]
[Result "1/2-1/2"]
[BlackElo "2127"]
[WhiteElo "2073"]
[LiveChessVersion "1.4.8"]

1. Nf3 c5 2. c4 Nc6 3. g3 e5 4. Nc3 g6 5. Bg2 Bg7 6. d3 Nge7 7. O-O d6 8. a3 O-O
9. Rb1 a5 10. Ne1 Be6 11. Bg5 f6 12. Be3 Qd7 13. Nd5 Rab8 14. Qa4 Nxd5 15. cxd5
Nd4 16. Qd1 Bg4 17. Bxd4 exd4 18. b4 axb4 19. axb4 Rfe8 20. Bf3 Bxf3 21. exf3 Re5
22. f4 Rxd5 23. Qb3 Qf7 {[%clk 0:00:00]} 24. Nc2 Bf8 25. bxc5 dxc5 26. Na3 Rd7
27. Qb5 Re8 28. Nc4 Rc7 29. Rb2 Re6 30. Na5 Ree7 31. Rfb1 Red7 32. Qb3 Be7 33.
Qxf7+ Kxf7 34. Kf1 Ke6 35. Rb6+ Rd6 36. Nxb7 Rxb6 37. Rxb6+ Kd7 38. Na5 Ra7 39.
Nc4 Kc7 40. Rb2 Ra1+ 41. Kg2 Rd1 42. Rb3 Rc1 43. Kf3 Rc3 44. Rxc3 dxc3 45. Ke2 f5
46. Ne3 Kc6 47. Kd1 Bf6 48. Kc2 Bd4 49. Nd1 Kd6 50. Kb3 Ke5 1/2-1/2

[Event "Open A"]
[Site "Polanica-Zdroj"]
[Date "2017.08.19"]
[Round "9.12"]
[White "Voloshin, Leonid"]
[Black "Dryja, Szymon"]
[Result "1-0"]
[BlackElo "1824"]
[WhiteElo "2369"]
[LiveChessVersion "1.4.8"]

1. d4 Nf6 2. c4 c5 3. e3 e6 4. Nf3 b6 5. Nc3 d5 6. Ne5 Bb7 7. cxd5 exd5 8. Bb5+
Nbd7 9. Qf3 Qe7 10. Nxd7 Nxd7 11. Nxd5 Rb8 12. Qf4 Qd6 13. Bxd7+ Kxd7 14. Qxf7+
Kc6 15. e4 g5 16. Bxg5 Qd8 1-0